00463nam a22001697a 450000500170000001000140001702000260003103500130005703700130007008200110008310000150009424500490010926000340015827000470019230000340023950000200027320100722162513.0 aENG-96447 a9788120337213c295.00 aEN-79980 bDBAD/PUB a621.81 aJohn, K.C. aText book of machine drawing /cby K.C. John aNew DelhibPHI Learningc2009 aM-97, Cannaught Circus,bNew Delhie110001 avi, 346 p.:billc28 cm.(pbk) aincludes index